Sezónne práce - sezónne zamestnávanie
Povinnosti zamestnvateľa pri zamestnávaní zamestnancov na sezónne práce. Pracovný pomer na určitú dobu. Dohody o prácach vykonávaných mimo pracovného času. Zamestnávanie občanov Európskej únie a cudzincov na sezónne práce. Poistné na sociálne a zdravotné poistenie a zdaňovanie príjmu z výkonu sezónn...
Uložené v:
| Hlavný autor: | |
|---|---|
| Médium: | Kapitola |
| Jazyk: | Slovak |
| Predmet: | |
| Tagy: |
Žiadne tagy, Buďte prvý, kto otaguje tento záznam!
|
MARC
| LEADER | 00000naa a2200000 4500 | ||
|---|---|---|---|
| 001 | 0246470 | ||
| 005 | 20180718110254.0 | ||
| 041 | 0 | |a slo | |
| 044 | |a SK | ||
| 245 | 1 | 0 | |a Sezónne práce - sezónne zamestnávanie |c Eva Gášpárová |
| 520 | |a Povinnosti zamestnvateľa pri zamestnávaní zamestnancov na sezónne práce. Pracovný pomer na určitú dobu. Dohody o prácach vykonávaných mimo pracovného času. Zamestnávanie občanov Európskej únie a cudzincov na sezónne práce. Poistné na sociálne a zdravotné poistenie a zdaňovanie príjmu z výkonu sezónnych prác. | ||
| 610 | 2 | 0 | |a vzťahy pracovnoprávne |
| 610 | 2 | 0 | |a povinnosti zamestnávateľov |
| 610 | 2 | 0 | |a zamestnanci |
| 610 | 2 | 0 | |a zamestnávatelia |
| 610 | 2 | 0 | |a pomer pracovný |
| 610 | 2 | 0 | |a dohody pracovné |
| 610 | 2 | 0 | |a práca |
| 610 | 2 | 0 | |a zákonník práce |
| 610 | 2 | 0 | |a poistenie sociálne |
| 610 | 2 | 0 | |a poistenie zdravotné |
| 610 | 2 | 0 | |a zdaňovanie |
| 610 | 2 | 0 | |a dane z príjmov |
| 610 | 2 | 0 | |a zamestnávanie cudzincov |
| 100 | 1 | |a Gášpárová, Eva | |